000 01500nam a2200433 i 4500
001 53269
003 KOSZ 005
005 20200420094957.0
008 061025s2006 pl a f f |000 0 pol
015 _aPB 2006/22077
020 _a8374210761
035 _a(OCoLC)749813262
040 _aWA N
_cWA N
_dKOSZ 005/HR
046 _k2006
080 _a629.5
080 _a621.43
080 _a(075.8)
100 1 _aGórski, Zygmunt.
_eAutor
245 1 0 _aProcedury obsługi siłowni okrętowej z silnikiem wolnoobrotowym.
_nT. 2 /
_cZygmunt Górski, Tomasz Hajduk, Stefan Kluj.
260 _aGdynia :
_bWydawnictwo Akademii Morskiej,
_c2006.
300 _a31 s., [1] k. tabl. złoż. luzem :
_bil. ;
_c25 cm.
336 _2rdacontent
_aTekst
_btxt
337 _2rdamedia
_aBez urządzenia pośredniczącego
_bn
338 _2rdacxarrier
_aWolumin
_bnc
380 _aKsiążki
380 _aPublikacje dydaktyczne
385 _mPoziom nauczania
_aSzkoły wyższe
388 _a2001-
504 _aBibliogr. s. 30-31.
658 _aInżynieria i technika
655 4 _aPodręczniki akademickie
650 4 _aObsługa i eksploatacja
650 4 _aSiłownie okrętowe
700 1 _aHajduk, Tomasz.
_eAutor
700 1 _aKluj, Stefan.
_eAutor
710 2 _aAkademia Morska w Gdyni.
_bWydawnictwo.
_4pbl.
856 _uhttp://koha.tu.koszalin.pl/cgi-bin/koha/opac-detail.pl?biblionumber=53269
_yKatalog online BPK
942 _2UKD
_cKS
999 _c53269
_d53269